| 000 | 00588cam a2200169 4500 | ||
|---|---|---|---|
| 008 | 000000n1999 000 0 eng u | ||
| 020 | _a0727728350 | ||
| 035 | _a(Sirsi) u100099 | ||
| 041 | _aENG | ||
| 110 |
_aUnited Kingdom _bDepartment of the Environment, Transport and the Regions _93507 |
||
| 245 | _aAsbestos and man-made mineral fibres in buildings: Practical guidance | ||
| 260 |
_aLondon _bThomas Telford _c1999 |
||
| 300 | _a77p. ; 30cm. | ||
| 650 | _aMANAGEMENT-HEALTH AND SAFETY-HAZARDOUS SUBSTANCES-ASBESTOS | ||
| 690 | _aBUILT ENVIRONMENT-BUILDING MATERIALS | ||
| 942 | _n0 | ||
| 999 |
_c99588 _d99588 |
||